| 000 | 00792cam a22002531 4500 | ||
|---|---|---|---|
| 001 | gs 58000033 | ||
| 003 | DLC | ||
| 005 | 20260227111406.0 | ||
| 008 | 721206s1956 xx 000 0 eng | ||
| 010 | _ags 58000033 | ||
| 035 | _a(OCoLC)507103 | ||
| 040 |
_aDLC _cOAkU _dDLC |
||
| 050 | 0 | 0 |
_aQE185 _b.A2 no. 282 |
| 051 |
_aQE672 _b.M2 |
||
| 082 | _a551.75 | ||
| 100 | 1 | _aMacDonald, G. H. | |
| 245 | 1 | 0 | _aSubsurface stratigraphy of the Mississippian rocks of Saskatchewan. |
| 260 |
_aOttawa, _bE. Cloutier, Queen's printer, _c1956. |
||
| 300 |
_a46 p. _bmaps (part col.) diagrs., tables. _c25 cm. |
||
| 500 | _aPart of illustrative matter fold. in pocket. | ||
| 504 | _aBibliography: p. 41-43. | ||
| 650 | 0 |
_aGeology, Stratigraphic _yMississippian. |
|
| 650 | 0 |
_aGeology _zSaskatchewan. |
|
| 999 |
_c29208 _d29208 |
||